[Event "Benidorm op U2300 18th"]
[Site "Benidorm"]
[Date "2019.11.29"]
[Round "1"]
[White "Picazo Lopez, Juan Antonio"]
[Black "Fernandes, Carlos A"]
[Result "1/2-1/2"]
[WhiteElo "2201"]
[BlackElo "2023"]
[PlyCount "61"]
[EventDate "2019.11.29"]
[EventType "swiss"]
[EventRounds "10"]
[EventCountry "ESP"]
[SourceTitle "EXT 2022"]
[Source "ChessBase"]
[SourceDate "2021.10.06"]
[SourceVersion "1"]
[SourceVersionDate "2021.10.06"]
[SourceQuality "1"]

1. d4 d5 2. c4 c6 3. Nf3 Nf6 4. g3 e6 5. Bg2 Bd6 6. 0-0 Ne4 7. Qc2 0-0 8. Nc3 f5 9. Ne5 Nd7 10. Nxd7 Qxd7 11. Nxe4 dxe4 12. b3 e5 13. c5 Be7 14. dxe5 Qd4 15. Be3 Qxe5 16. Rad1 Be6 17. Bd4 Qc7 18. Qc3 Bf6 19. Bxf6 Rxf6 20. Rd6 Raf8 21. Qe5 Qf7 22. f3 exf3 23. Bxf3 Re8 24. Rfd1 Bxb3 25. Qxe8+ Qxe8 26. Rd8 Bxd1 27. Rxe8+ Rf8 28. Re7 Rf7 29. Re8+ Rf8 30. Re7 Rf7 31. Re8+ 1/2-1/2

[Event "Benidorm op U2300 17th"]
[Site "Benidorm"]
[Date "2018.12.06"]
[Round "8"]
[White "Picazo Lopez, Juan Antonio"]
[Black "Kucza, Karol"]
[Result "1/2-1/2"]
[WhiteElo "2220"]
[BlackElo "2294"]
[PlyCount "62"]
[EventDate "2018.11.30"]
[EventType "swiss"]
[EventRounds "10"]
[EventCountry "ESP"]
[SourceTitle "EXT 2022"]
[Source "ChessBase"]
[SourceDate "2021.10.06"]
[SourceVersion "1"]
[SourceVersionDate "2021.10.06"]
[SourceQuality "1"]

1. d4 Nf6 2. c4 e6 3. Nf3 b6 4. e3 Bb7 5. Bd3 d5 6. cxd5 exd5 7. 0-0 Bd6 8. Nc3 0-0 9. Nb5 Be7 10. b3 a6 11. Nc3 Nbd7 12. Bb2 Bd6 13. Rc1 Re8 14. Rc2 Ne4 15. Ne2 Qf6 16. Ng3 Nxg3 17. hxg3 Qe7 18. Qc1 Rac8 19. Qd2 g6 20. Rfc1 f6 21. Qe2 b5 22. Nh4 c5 23. Qg4 c4 24. Bxg6 hxg6 25. Nf5 Qf8 26. Qxg6+ Kh8 27. Qh5+ Kg8 28. Qg4+ Kh8 29. Kh2 Re7 30. Qh5+ Kg8 31. Kg1 Ree8 1/2-1/2

[Event "Benidorm op U2300 17th"]
[Site "Benidorm"]
[Date "2018.12.05"]
[Round "7"]
[White "Chernikov, Vladimir"]
[Black "Picazo Lopez, Juan Antonio"]
[Result "1/2-1/2"]
[WhiteElo "2208"]
[BlackElo "2220"]
[PlyCount "106"]
[EventDate "2018.11.30"]
[EventType "swiss"]
[EventRounds "10"]
[EventCountry "ESP"]
[SourceTitle "EXT 2022"]
[Source "ChessBase"]
[SourceDate "2021.10.06"]
[SourceVersion "1"]
[SourceVersionDate "2021.10.06"]
[SourceQuality "1"]

1. c4 Nf6 2. Nc3 e6 3. Nf3 d5 4. e3 c6 5. b3 Nbd7 6. d4 Bd6 7. Be2 0-0 8. 0-0 Ne4 9. Nxe4 dxe4 10. Nd2 f5 11. f4 exf3 12. Nxf3 e5 13. c5 Bc7 14. Bc4+ Kh8 15. e4 fxe4 16. Ng5 Nf6 17. dxe5 Qxd1 18. Rxd1 Nd5 19. Bb2 Ne3 20. e6 Nxc4 21. bxc4 Re8 22. Re1 Bxe6 23. Rxe4 Bd7 24. Rd1 Bf5 25. Rxe8+ Rxe8 26. Rf1 Bd3 27. Rf7 Re1+ 28. Kf2 Rf1+ 29. Ke3 Rxf7 30. Nxf7+ Kg8 31. Nd6 Bb1 32. a3 b6 33. Bd4 Kf8 34. Bxg7+ Ke7 35. Be5 Ke6 36. Bg3 bxc5 37. Ne4 Bb6 38. Nc3 Bc2 39. Kd2 Bg6 40. Ke3 Bc2 41. Bf2 Kf5 42. Kd2 Be4 43. Nxe4 Kxe4 44. Ke2 a6 45. a4 Bc7 46. h3 Bd6 47. Be3 h5 48. g4 hxg4 49. hxg4 Be7 50. Kd2 Bd6 51. Bg1 Be7 52. Be3 Bd6 53. Ke2 Be7 1/2-1/2

[Event "Benidorm op U2300 16th"]
[Site "Benidorm"]
[Date "2017.12.06"]
[Round "7"]
[White "Fernandez Barrera, Victor"]
[Black "Picazo Lopez, Juan Antonio"]
[Result "1/2-1/2"]
[WhiteElo "2300"]
[BlackElo "2204"]
[PlyCount "60"]
[EventDate "2017.12.01"]
[EventType "swiss"]
[EventRounds "10"]
[EventCountry "ESP"]
[SourceTitle "EXT 2019"]
[Source "ChessBase"]
[SourceDate "2018.10.10"]
[SourceVersion "1"]
[SourceVersionDate "2018.10.10"]
[SourceQuality "1"]

1. d4 d5 2. Nf3 Nf6 3. c4 e6 4. Nc3 dxc4 5. e3 a6 6. Bxc4 b5 7. Be2 Bb7 8. 0-0 Nbd7 9. b3 c5 10. Bb2 Bd6 11. Rc1 0-0 12. a4 b4 13. Nb1 Qe7 14. Nbd2 Rac8 15. Nc4 Bb8 16. Na5 Bd5 17. g3 Bc7 18. Nc4 Rfd8 19. Qe1 Ne4 20. Ncd2 Nxd2 21. Nxd2 cxd4 22. Bxd4 e5 23. e4 Be6 24. Be3 Bb6 25. Rxc8 Rxc8 26. Bxb6 Nxb6 27. Bxa6 Rc3 28. Qd1 Qc5 29. Be2 g6 30. Re1 h5 1/2-1/2

[Event "Benidorm op U2300 15th"]
[Site "Benidorm"]
[Date "2016.12.05"]
[Round "4"]
[White "Picazo Lopez, Juan Antonio"]
[Black "Sai Agni, Jeevitesh J"]
[Result "0-1"]
[WhiteElo "2192"]
[BlackElo "2115"]
[PlyCount "62"]
[EventDate "2016.12.02"]
[EventType "swiss"]
[EventRounds "10"]
[EventCountry "ESP"]
[SourceTitle "EXT 2019"]
[Source "ChessBase"]
[SourceDate "2018.10.10"]
[SourceVersion "1"]
[SourceVersionDate "2018.10.10"]
[SourceQuality "1"]

1. d4 Nf6 2. c4 e6 3. Nc3 Bb4 4. e3 0-0 5. Bd3 d5 6. cxd5 exd5 7. Nge2 Re8 8. 0-0 Bd6 9. Nb5 Bf8 10. Nf4 Na6 11. Bd2 c6 12. Nc3 Nc7 13. Qc2 Ne6 14. Nxe6 Bxe6 15. f4 c5 16. Kh1 Rc8 17. Bb5 Bd7 18. Qa4 Bxb5 19. Qxb5 Re6 20. Qd3 c4 21. Qc2 Qd7 22. Rf3 b5 23. Rg1 b4 24. Ne2 Ne4 25. Bc1 Rb6 26. g4 b3 27. axb3 cxb3 28. Qd3 Rc2 29. f5 Qb5 30. Qxb5 Rxb5 31. Re1 Bb4 0-1

[Event "Mislata op 50th"]
[Site "Mislata"]
[Date "2016.08.13"]
[Round "8"]
[White "Picazo Lopez, Juan Antonio"]
[Black "Redondo Flores, David"]
[Result "1-0"]
[WhiteElo "2198"]
[BlackElo "2047"]
[PlyCount "85"]
[EventDate "2016.08.08"]
[EventType "swiss"]
[EventRounds "9"]
[EventCountry "ESP"]
[SourceTitle "EXT 2017"]
[Source "ChessBase"]
[SourceDate "2016.10.25"]
[SourceVersion "1"]
[SourceVersionDate "2016.10.25"]
[SourceQuality "1"]

1. c4 d6 2. Nc3 g6 3. g3 Bg7 4. Bg2 e5 5. Nf3 f5 6. d3 Nf6 7. 0-0 0-0 8. Rb1 a5 9. a3 h6 10. b4 axb4 11. axb4 g5 12. Bb2 Bd7 13. b5 Qc8 14. Nd2 f4 15. Nde4 Nxe4 16. Nxe4 Bh3 17. b6 Bxg2 18. Kxg2 Nd7 19. bxc7 Qxc7 20. Bc3 Nf6 21. Nxf6+ Bxf6 22. Rb5 Qc6+ 23. Kg1 e4 24. Bxf6 Rxf6 25. Qb3 exd3 26. Qxd3 Ra4 27. c5 Qe4 28. Qb3+ Qc4 29. cxd6 Qxb3 30. Rxb3 Rxd6 31. Rxb7 Re4 32. Rc1 Kf8 33. Rc8+ Re8 34. Rxe8+ Kxe8 35. gxf4 gxf4 36. Kg2 Re6 37. Kf3 Kf8 38. Rb4 Kg7 39. Rxf4 Kg6 40. Re4 Rf6+ 41. Kg3 Kh5 42. Re5+ Kg6 43. h4 1-0

[Event "Benidorm op U2300 14th"]
[Site "Benidorm"]
[Date "2015.12.07"]
[Round "10"]
[White "Picazo Lopez, Juan Antonio"]
[Black "Lacrosse, Marc"]
[Result "0-1"]
[WhiteElo "2191"]
[BlackElo "2140"]
[PlyCount "80"]
[EventDate "2015.11.28"]
[EventType "swiss"]
[EventRounds "10"]
[EventCountry "ESP"]
[SourceTitle "CBM 169 Extra"]
[Source "ChessBase"]
[SourceDate "2015.12.18"]
[SourceVersion "1"]
[SourceVersionDate "2015.12.18"]
[SourceQuality "1"]

1. d4 d5 2. c4 e6 3. Nc3 Nf6 4. cxd5 exd5 5. Bg5 c6 6. e3 Nbd7 7. Bd3 Be7 8. Qc2 0-0 9. Nf3 Re8 10. h3 Nf8 11. 0-0 Bd6 12. e4 dxe4 13. Nxe4 Be7 14. Ng3 g6 15. Rad1 Be6 16. a3 Bd5 17. Ne5 Qb6 18. Bc4 Rad8 19. Rfe1 Ne6 20. Be3 Bxc4 21. Nxc4 Qc7 22. b4 Rd5 23. Ne2 Rdd8 24. Ne5 Nd5 25. Bc1 Bf6 26. f4 Bg7 27. Qb3 a6 28. Kh1 Kh8 29. Qf3 Re7 30. f5 gxf5 31. Qxf5 Nxd4 32. Nxd4 Rxe5 33. Rxe5 Qxe5 34. Qf3 Nf6 35. Be3 Ne4 36. Bf4 Rxd4 37. Bxe5 Rxd1+ 38. Kh2 Bxe5+ 39. g3 Rd2+ 40. Kg1 Nxg3 0-1

[Event "Benidorm op U2300 14th"]
[Site "Benidorm"]
[Date "2015.11.29"]
[Round "2"]
[White "Picazo Lopez, Juan Antonio"]
[Black "Remolar Gallen, Jose"]
[Result "1/2-1/2"]
[WhiteElo "2191"]
[BlackElo "2292"]
[PlyCount "64"]
[EventDate "2015.11.28"]
[EventType "swiss"]
[EventRounds "10"]
[EventCountry "ESP"]
[SourceTitle "CBM 169 Extra"]
[Source "ChessBase"]
[SourceDate "2015.12.18"]
[SourceVersion "1"]
[SourceVersionDate "2015.12.18"]
[SourceQuality "1"]

1. d4 Nf6 2. c4 g6 3. Nc3 Bg7 4. e4 d6 5. Be2 0-0 6. Nf3 Bg4 7. d5 Re8 8. Nd2 Bxe2 9. Qxe2 e6 10. 0-0 exd5 11. cxd5 Nbd7 12. Rb1 a6 13. a4 Qe7 14. Re1 Nh5 15. Nc4 b6 16. f3 Nc5 17. Be3 Qd7 18. a5 b5 19. Nd2 f5 20. Rbc1 Qe7 21. b4 Nd7 22. Nd1 Qd8 23. Qd3 Be5 24. Nf1 fxe4 25. fxe4 Rf8 26. Nf2 Rc8 27. Qd2 Bf4 28. Nd3 Bxe3+ 29. Qxe3 Qf6 30. Rc2 Ne5 31. Nxe5 Qxe5 32. Nd2 Nf6 1/2-1/2

[Event "La Roda op 41st"]
[Site "La Roda"]
[Date "2014.04.19"]
[Round "6"]
[White "Santos Ruiz, Miguel"]
[Black "Picazo Lopez, Juan Antonio"]
[Result "1-0"]
[WhiteElo "2344"]
[BlackElo "2205"]
[PlyCount "47"]
[EventDate "2014.04.16"]
[EventType "swiss"]
[EventRounds "9"]
[EventCountry "ESP"]
[SourceTitle "CBM 159 Extra"]
[Source "ChessBase"]
[SourceDate "2014.04.24"]
[SourceVersion "1"]
[SourceVersionDate "2014.04.24"]
[SourceQuality "1"]

1. e4 d5 2. exd5 Nf6 3. Nf3 Nxd5 4. d4 g6 5. c4 Nb6 6. Nc3 Bg7 7. c5 Nd5 8. Bc4 Nxc3 9. bxc3 0-0 10. 0-0 Nc6 11. Re1 Bg4 12. Bg5 h6 13. Bh4 g5 14. Bg3 e5 15. h3 Bxf3 16. Qxf3 exd4 17. cxd4 Qxd4 18. Rac1 Qf6 19. Qe4 Rfd8 20. Bd3 Rd7 21. Rb1 Rad8 22. Re3 b6 23. Kh2 Qd4 24. Qxc6 1-0

[Event "La Roda op 41st"]
[Site "La Roda"]
[Date "2014.04.18"]
[Round "5"]
[White "Ramiro Ovejero, Juan Luis"]
[Black "Picazo Lopez, Juan Antonio"]
[Result "0-1"]
[WhiteElo "2382"]
[BlackElo "2205"]
[PlyCount "114"]
[EventDate "2014.04.16"]
[EventType "swiss"]
[EventRounds "9"]
[EventCountry "ESP"]
[SourceTitle "CBM 159 Extra"]
[Source "ChessBase"]
[SourceDate "2014.04.24"]
[SourceVersion "1"]
[SourceVersionDate "2014.04.24"]
[SourceQuality "1"]

1. e4 d5 2. exd5 Nf6 3. Nf3 Nxd5 4. d4 g6 5. c4 Nb6 6. h3 Bg7 7. Nc3 0-0 8. Be3 Nc6 9. Qd2 e5 10. d5 Ne7 11. g4 f5 12. 0-0-0 fxg4 13. Ng5 g3 14. c5 g2 15. Bxg2 Nc4 16. Qe2 Nxe3 17. fxe3 Nf5 18. h4 h6 19. Ne6 Bxe6 20. dxe6 Qe7 21. Ne4 Rad8 22. h5 Qxe6 23. Kb1 g5 24. Rxd8 Rxd8 25. Bh3 Rf8 26. Ng3 Qc6 27. Bxf5 Rxf5 28. e4 Rf4 29. Qc4+ Kh8 30. Rd1 b5 31. Qc2 a5 32. Rd5 Rf3 33. Qg2 Rf7 34. Qh3 Rf3 35. Qg4 Rf4 36. Qd7 Qf6 37. Qxc7 Rg4 38. Nf5 Rxe4 39. Qxg7+ Qxg7 40. Nxg7 Kxg7 41. Rd7+ Kf6 42. Rd6+ Kf5 43. b3 g4 44. c6 Re3 45. Rxh6 Rc3 46. Rd6 g3 47. h6 g2 48. Rd1 Rxc6 49. Rg1 Rxh6 50. Rxg2 Rc6 51. Rf2+ Ke4 52. Re2+ Kd4 53. Rd2+ Ke4 54. Re2+ Kf4 55. Rf2+ Ke3 56. Rf5 Kd4 57. Kb2 b4 0-1

[Event "Benidorm op U2300 11th"]
[Site "Benidorm"]
[Date "2012.12.05"]
[Round "6"]
[White "Picazo Lopez, Juan Antonio"]
[Black "Collier, David"]
[Result "1-0"]
[WhiteElo "2191"]
[BlackElo "2098"]
[PlyCount "52"]
[EventDate "2012.11.30"]
[EventType "swiss"]
[EventRounds "10"]
[EventCountry "ESP"]
[SourceTitle "EXT 2014"]
[Source "ChessBase"]
[SourceDate "2013.11.20"]
[SourceVersion "1"]
[SourceVersionDate "2013.11.20"]
[SourceQuality "1"]

1. d4 Nf6 2. c4 e6 3. Nc3 Bb4 4. e3 0-0 5. Bd3 c5 6. Nge2 Nc6 7. 0-0 d5 8. cxd5 exd5 9. a3 Bxc3 10. bxc3 Re8 11. f3 Bd7 12. Kh1 Rc8 13. Ra2 Na5 14. a4 c4 15. Bc2 h6 16. Ng3 Re6 17. e4 Nb3 18. e5 Nxc1 19. Qxc1 Ne8 20. f4 Rb6 21. h3 Qh4 22. Kh2 g6 23. f5 Ng7 24. Qf4 Qg5 25. Qf3 gxf5 26. Nxf5 Re8 1-0

[Event "Albacete op U2300 1st"]
[Site "Albacete"]
[Date "2012.05.01"]
[Round "9"]
[White "Fernandez Pena, Pere Emilio"]
[Black "Picazo Lopez, Juan Antonio"]
[Result "1/2-1/2"]
[WhiteElo "2241"]
[BlackElo "2169"]
[PlyCount "63"]
[EventDate "2012.04.27"]
[EventType "swiss"]
[EventRounds "9"]
[EventCountry "ESP"]
[SourceTitle "EXT 2014"]
[Source "ChessBase"]
[SourceDate "2013.11.20"]
[SourceVersion "1"]
[SourceVersionDate "2013.11.20"]
[SourceQuality "1"]

1. d4 d5 2. Nc3 Nf6 3. Bg5 e6 4. f3 c5 5. e3 Nc6 6. Qd2 a6 7. Nge2 cxd4 8. Nxd4 Bd7 9. Be2 Rc8 10. a3 Nxd4 11. exd4 b5 12. Nd1 Bd6 13. c3 h6 14. Bf4 Bxf4 15. Qxf4 Qc7 16. Qe3 a5 17. Nf2 0-0 18. Nd3 Ne8 19. 0-0 Nd6 20. Ne5 Nc4 21. Bxc4 bxc4 22. Rf2 Rb8 23. Re1 Rb6 24. g4 Rfb8 25. Ree2 f6 26. Ng6 Be8 27. Nh4 R8b7 28. f4 Qb8 29. Qc1 Qd8 30. Qf1 Bf7 31. Qe1 f5 32. Nf3 1/2-1/2

[Event "Albacete op U2300 1st"]
[Site "Albacete"]
[Date "2012.04.30"]
[Round "7"]
[White "Pena Riasco, Alexander"]
[Black "Picazo Lopez, Juan Antonio"]
[Result "1-0"]
[WhiteElo "2219"]
[BlackElo "2169"]
[PlyCount "99"]
[EventDate "2012.04.27"]
[EventType "swiss"]
[EventRounds "9"]
[EventCountry "ESP"]
[SourceTitle "EXT 2014"]
[Source "ChessBase"]
[SourceDate "2013.11.20"]
[SourceVersion "1"]
[SourceVersionDate "2013.11.20"]
[SourceQuality "1"]

1. e4 d5 2. exd5 Nf6 3. d4 Nxd5 4. c4 Nb6 5. Nc3 e5 6. dxe5 Qxd1+ 7. Nxd1 Nc6 8. Nf3 Be6 9. b3 Bb4+ 10. Bd2 Bxd2+ 11. Kxd2 0-0-0+ 12. Kc3 h6 13. Nb2 Rhe8 14. h3 Nd7 15. Re1 Re7 16. Bd3 Rde8 17. Be4 Nd8 18. Nd3 g6 19. Nd4 g5 20. g3 Nf8 21. f4 Bd7 22. a4 b6 23. h4 gxf4 24. gxf4 c5 25. Nb5 Bxb5 26. axb5 f6 27. Bf5+ Kc7 28. exf6 Rxe1 29. Rxe1 Rxe1 30. Nxe1 Nf7 31. h5 Nd6 32. Bg6 Kd7 33. Nf3 Ke6 34. f7 Nxf7 35. Bxf7+ Kxf7 36. Kd3 Ne6 37. Ke4 Ng7 38. Ne5+ Kf6 39. Ng4+ Ke7 40. Nxh6 Nxh5 41. Ng4 Ng3+ 42. Kd5 Ne2 43. f5 Nd4 44. f6+ Kf7 45. b4 Nb3 46. bxc5 Nxc5 47. Kd6 Ne4+ 48. Ke5 Nd2 49. Kf5 Ke8 50. Ne5 1-0

[Event "Albacete op U2300 1st"]
[Site "Albacete"]
[Date "2012.04.30"]
[Round "6"]
[White "Picazo Lopez, Juan Antonio"]
[Black "Sanchez Botella, Luis Javier"]
[Result "0-1"]
[WhiteElo "2169"]
[BlackElo "2241"]
[PlyCount "114"]
[EventDate "2012.04.27"]
[EventType "swiss"]
[EventRounds "9"]
[EventCountry "ESP"]
[SourceTitle "EXT 2014"]
[Source "ChessBase"]
[SourceDate "2013.11.20"]
[SourceVersion "1"]
[SourceVersionDate "2013.11.20"]
[SourceQuality "1"]

1. d4 Nf6 2. c4 e6 3. Nc3 Bb4 4. e3 b6 5. Bd3 Bb7 6. f3 c5 7. Nge2 cxd4 8. exd4 0-0 9. 0-0 d5 10. cxd5 Nxd5 11. a3 Nxc3 12. bxc3 Bxc3 13. Nxc3 Qxd4+ 14. Rf2 Qxc3 15. Bb2 Qa5 16. f4 f5 17. Qh5 Nd7 18. Re2 Bd5 19. Qg5 Rf7 20. Rc1 Nc5 21. Bb1 Qb5 22. Rce1 Ne4 23. Bxe4 Qc5+ 24. Re3 Bxe4 25. Kh1 Qe7 26. Qh5 Rc8 27. Rh3 h6 28. Rg3 Rc2 29. Be5 Rf6 30. h3 Qf7 31. Qxf7+ Rxf7 32. Ree3 Kh7 33. h4 Rc5 34. Kh2 Rxe5 35. fxe5 f4 36. Rxe4 fxg3+ 37. Kxg3 Rc7 38. a4 Kg6 39. Kf4 h5 40. Rd4 Rf7+ 41. Ke4 Rf2 42. g3 Rg2 43. Kf4 Rf2+ 44. Ke4 Rg2 45. Kf4 Rb2 46. Kf3 Rb3+ 47. Kg2 a5 48. g4 Rb4 49. gxh5+ Kf5 50. Rd7 Rxa4 51. Rxg7 Rxh4 52. Kg3 Rxh5 53. Rb7 Rh8 54. Rxb6 Ra8 55. Rb3 a4 56. Ra3 Kxe5 57. Kf3 Kd4 0-1

[Event "Albacete op U2300 1st"]
[Site "Albacete"]
[Date "2012.04.29"]
[Round "4"]
[White "Picazo Lopez, Juan Antonio"]
[Black "Nicolas Zapata, Irene"]
[Result "1-0"]
[WhiteElo "2169"]
[BlackElo "2127"]
[PlyCount "97"]
[EventDate "2012.04.27"]
[EventType "swiss"]
[EventRounds "9"]
[EventCountry "ESP"]
[SourceTitle "EXT 2014"]
[Source "ChessBase"]
[SourceDate "2013.11.20"]
[SourceVersion "1"]
[SourceVersionDate "2013.11.20"]
[SourceQuality "1"]

1. d4 Nf6 2. c4 e6 3. Nc3 Bb4 4. e3 b6 5. Nge2 Bb7 6. a3 Bd6 7. d5 exd5 8. cxd5 Qe7 9. g3 h5 10. h3 a5 11. Bg2 Na6 12. Rb1 Nc5 13. b4 axb4 14. axb4 Nce4 15. 0-0 Nxc3 16. Nxc3 h4 17. Nb5 hxg3 18. Nxd6+ Qxd6 19. e4 Kd8 20. f4 Nxe4 21. Bxe4 Rxh3 22. Qg4 Qh6 23. Qg5+ f6 24. Qxh6 Rxh6 25. Kg2 Ra2+ 26. Kxg3 Rah2 27. Bg2 f5 28. Rd1 R2h4 29. Rb2 Rg4+ 30. Kf2 Rhg6 31. Bf3 Rh4 32. Rg1 Rd6 33. Kg3 Rhh6 34. Rd2 Ke7 35. Bb2 Kf7 36. Kf2 Rh7 37. Be5 Rh2+ 38. Rg2 Rxg2+ 39. Bxg2 Rg6 40. Bxc7 b5 41. Bf3 Rh6 42. Rd1 Ra6 43. Rd2 Rh6 44. Be2 Ba6 45. Rc2 Ke7 46. Be5 Bb7 47. Rc5 Kd8 48. Rxb5 Rh2+ 49. Kg3 1-0

[Event "Benidorm op U2300 10th"]
[Site "Benidorm"]
[Date "2011.12.08"]
[Round "8"]
[White "Remolar Gallen, Jose"]
[Black "Picazo Lopez, Juan Antonio"]
[Result "1/2-1/2"]
[WhiteElo "2086"]
[BlackElo "2184"]
[PlyCount "66"]
[EventDate "2011.12.02"]
[EventType "swiss"]
[EventRounds "10"]
[EventCountry "ESP"]
[SourceTitle "CBM 145 Extra"]
[Source "ChessBase"]
[SourceDate "2012.01.03"]
[SourceVersion "1"]
[SourceVersionDate "2012.01.03"]
[SourceQuality "1"]

1. e4 d5 2. exd5 Nf6 3. d4 Nxd5 4. c4 Nb6 5. Nf3 g6 6. Nc3 Bg7 7. c5 Nd5 8. Bc4 Nxc3 9. bxc3 0-0 10. 0-0 Nc6 11. Bg5 Bg4 12. h3 Bxf3 13. Qxf3 h6 14. Bf4 e5 15. dxe5 Nxe5 16. Bxe5 Bxe5 17. Qxb7 Bxc3 18. Rac1 Bd4 19. Rfd1 Qf6 20. Bb3 Bxc5 21. Qxc7 Rac8 22. Qg3 Bb6 23. Rd6 Qf5 24. Rxg6+ Kh7 25. Rg7+ Kh8 26. Rg4 Rg8 27. Qf4 Rg5 28. Qd6 Rxg4 29. Qxh6+ Kg8 30. hxg4 Qxg4 31. Qf6 Qg7 32. Qf5 Rc5 33. Qf3 Qg6 1/2-1/2

[Event "Albacete op 18th"]
[Site "Albacete"]
[Date "2010.09.18"]
[Round "8"]
[White "Picazo Lopez, Juan Antonio"]
[Black "Garcia Roman, Jose Luis Machado"]
[Result "1-0"]
[WhiteElo "2232"]
[BlackElo "1997"]
[PlyCount "73"]
[EventDate "2010.09.14"]
[EventType "swiss"]
[EventRounds "9"]
[EventCountry "ESP"]
[SourceTitle "CBM 138 Extra"]
[Source "ChessBase"]
[SourceDate "2010.10.29"]
[SourceVersion "1"]
[SourceVersionDate "2010.10.29"]
[SourceQuality "1"]

1. d4 Nf6 2. c4 e6 3. Nc3 Bb4 4. e3 c5 5. Bd3 Bxc3+ 6. bxc3 b6 7. Ne2 Nc6 8. 0-0 0-0 9. e4 d6 10. f4 Ba6 11. e5 Ne8 12. Rf3 g6 13. Rh3 Na5 14. f5 exf5 15. Bh6 Ng7 16. Qd2 dxe5 17. Bxg7 Kxg7 18. Qh6+ Kf6 19. dxe5+ Kxe5 20. Qg7+ Kd6 21. Bxf5 Qe7 22. Rd1+ Kc6 23. Rd7 Rg8 24. Qxg8 Rxg8 25. Rxe7 gxf5 26. Rh6+ Rg6 27. Rxg6+ hxg6 28. Rxf7 Bxc4 29. Rf6+ Kb5 30. Nc1 Bd5 31. Rxg6 Kc4 32. Ne2 Be4 33. h4 Kd3 34. Nf4+ Kxc3 35. h5 Nc6 36. Rxc6 Bxc6 37. h6 1-0

[Event "Albacete op 18th"]
[Site "Albacete"]
[Date "2010.09.17"]
[Round "7"]
[White "Picazo Lopez, Juan Antonio"]
[Black "Belinchon Calleja, David"]
[Result "1/2-1/2"]
[WhiteElo "2232"]
[BlackElo "1971"]
[PlyCount "56"]
[EventDate "2010.09.14"]
[EventType "swiss"]
[EventRounds "9"]
[EventCountry "ESP"]
[SourceTitle "CBM 138 Extra"]
[Source "ChessBase"]
[SourceDate "2010.10.29"]
[SourceVersion "1"]
[SourceVersionDate "2010.10.29"]
[SourceQuality "1"]

1. d4 d5 2. c4 dxc4 3. Nc3 e5 4. d5 Nf6 5. e4 c6 6. Bxc4 b5 7. Bb3 b4 8. Nce2 Nxe4 9. Nf3 Nc5 10. Nxe5 Nxb3 11. axb3 Qxd5 12. Qxd5 cxd5 13. Nd4 f6 14. Nec6 Nxc6 15. Nxc6 Bd7 16. Nd4 a5 17. 0-0 Bc5 18. Be3 Kf7 19. Rfd1 Rhc8 20. h3 g6 21. Ra2 f5 22. g3 Be7 23. Rda1 Bd8 24. h4 Ra6 25. Bd2 Rd6 26. Bf4 Ra6 27. Bd2 Rd6 28. Bf4 Ra6 1/2-1/2

[Event "Albacete op 18th"]
[Site "Albacete"]
[Date "2010.09.14"]
[Round "1"]
[White "Picazo Lopez, Juan Antonio"]
[Black "Escudero Garcia, Javier"]
[Result "1-0"]
[WhiteElo "2232"]
[BlackElo "1676"]
[PlyCount "71"]
[EventDate "2010.09.14"]
[EventType "swiss"]
[EventRounds "9"]
[EventCountry "ESP"]
[SourceTitle "CBM 138 Extra"]
[Source "ChessBase"]
[SourceDate "2010.10.29"]
[SourceVersion "1"]
[SourceVersionDate "2010.10.29"]
[SourceQuality "1"]

1. d4 d5 2. c4 e6 3. cxd5 exd5 4. Nc3 Nf6 5. Bg5 Be7 6. Qc2 Nc6 7. e3 a6 8. a3 Qd7 9. Nf3 b5 10. Ne5 Nxe5 11. dxe5 Ng8 12. Bf4 Qe6 13. g4 Bb7 14. Bg2 g5 15. Bg3 h5 16. gxh5 Rxh5 17. 0-0-0 Rd8 18. f4 Nh6 19. Qh7 Qf5 20. Qxf5 Nxf5 21. Nxd5 Bxd5 22. Rxd5 Nxe3 23. Rxd8+ Kxd8 24. Bb7 gxf4 25. Bxf4 Bg5 26. Bf3 Bxf4 27. Bxh5 Nf1+ 28. Kc2 Nxh2 29. Re1 Ke7 30. Kd3 Ke6 31. Kd4 Kf5 32. Kd5 Ng4 33. Bxg4+ Kxg4 34. Ke4 Bg5 35. Rg1+ Kh4 36. Kf5 1-0

[Event "La Roda op 37th"]
[Site "La Roda"]
[Date "2010.04.03"]
[Round "6"]
[White "Picazo Lopez, Juan Antonio"]
[Black "Gallardo Garcia, Andres"]
[Result "1/2-1/2"]
[WhiteElo "2269"]
[BlackElo "2412"]
[PlyCount "42"]
[EventDate "2010.03.31"]
[EventType "swiss"]
[EventRounds "9"]
[EventCountry "ESP"]
[SourceTitle "CBM 135 Extra"]
[Source "ChessBase"]
[SourceDate "2010.05.04"]
[SourceVersion "1"]
[SourceVersionDate "2010.05.04"]
[SourceQuality "1"]

1. d4 Nf6 2. c4 g6 3. Nc3 Bg7 4. e4 d6 5. Be2 0-0 6. Bg5 Na6 7. g4 e5 8. d5 c6 9. h4 Nc5 10. f3 cxd5 11. cxd5 a5 12. h5 a4 13. Nh3 Bd7 14. Nf2 Rb8 15. Rc1 b5 16. Qd2 Qe7 17. Kf1 Rfc8 18. Kg2 Qf8 19. Rh2 b4 20. Ncd1 h6 21. Be3 g5 1/2-1/2

[Event "Malaga op 13th"]
[Site "Malaga"]
[Date "2010.02.26"]
[Round "8"]
[White "Picazo Lopez, Juan Antonio"]
[Black "Ladron de Guevara Pinto, Fermin Gabriel"]
[Result "1-0"]
[WhiteElo "2269"]
[BlackElo "2044"]
[PlyCount "105"]
[EventDate "2010.02.20"]
[EventType "swiss"]
[EventRounds "9"]
[EventCountry "ESP"]
[SourceTitle "CBM 135 Extra"]
[Source "ChessBase"]
[SourceDate "2010.05.04"]
[SourceVersion "1"]
[SourceVersionDate "2010.05.04"]
[SourceQuality "1"]

1. d4 d5 2. c4 e6 3. cxd5 exd5 4. Nc3 Nf6 5. Bg5 Be7 6. e3 h6 7. Bh4 Bf5 8. Bxf6 Bxf6 9. Qb3 Nc6 10. Qxb7 Ne7 11. Bb5+ Kf8 12. Qa6 Rb8 13. b3 c6 14. Be2 Qd7 15. Nf3 g5 16. Na4 g4 17. Nd2 Kg7 18. Bd3 Rhe8 19. 0-0 h5 20. Nc5 Qd6 21. Bxf5 Nxf5 22. Rac1 g3 23. hxg3 Nxg3 24. Rfe1 Nf5 25. Nf3 h4 26. Nd3 Rbc8 27. Nde5 Bxe5 28. Nxe5 Ne7 29. Qe2 Rh8 30. Qg4+ Kf8 31. e4 h3 32. g3 h2+ 33. Kh1 dxe4 34. Rxe4 f5 35. Rf4 Ke8 36. Qf3 Qa3 37. Re1 Qa5 38. Qe2 Qd5+ 39. f3 Kd8 40. Qa6 Rc7 41. Nd3 Qg8 42. g4 fxg4 43. Rxg4 Qd5 44. Ne5 Nf5 45. Qd3 Qa5 46. Re2 Qa3 47. Rc2 Qa5 48. Qe4 Nd6 49. Qe2 Qd5 50. Rc5 Qe6 51. Nxc6+ Kd7 52. Rg7+ Nf7 53. Rxf7+ 1-0